Escritos filosóficos / (Record no. 90667)

MARC details
000 -LEADER
campo de control de longitud fija 00833nam a2200229 i 4500
001 - NÚMERO DE CONTROL
campo de control 90667
003 - IDENTIFICADOR DE NÚMERO DE CONTROL
campo de control ES-MaACL
005 - FECHA Y HORA DE LA ÚLTIMA TRANSACCIÓN
campo de control 20230906180527.0
007 - CAMPO FIJO DE DESCRIPCIÓN FÍSICA--INFORMACIÓN GENERAL
campo de control de longitud fija t|
008 - DATOS DE LONGITUD FIJA--INFORMACIÓN GENERAL
campo de control de longitud fija 050124s1982 ag ||||1| spa d
100 1# - ENTRADA PRINCIPAL--NOMBRE DE PERSONA
Nombre de persona Leibniz, Gottfried Wilhelm
Títulos y otros términos asociados al nombre Freiherr von.
9 (RLIN) 71367
245 10 - MENCIÓN DEL TÍTULO
Título Escritos filosóficos /
Mención de responsabilidad, etc. G.W. Leibniz ; edición de Ezequiel de Olaso ; notas de Ezequiel de Olaso y Roberto Torretti ; traducciónes de Roberto Torretti, Tomás E. Zwanck y Ezequiel de Olaso.
260 ## - PUBLICACIÓN, DISTRIBUCIÓN, ETC.
Lugar de publicación, distribución, etc. Buenos Aires :
Nombre del editor, distribuidor, etc. Charcas,
Fecha de publicación, distribución, etc. [1982]
300 ## - DESCRIPCIÓN FÍSICA
Extensión 666 p. ;
Dimensiones 23 cm.
490 1# - MENCIÓN DE SERIE
Mención de serie Biblioteca de filosofía
700 1# - ENTRADA AGREGADA--NOMBRE PERSONAL
Nombre de persona Olaso, Ezequiel de.
9 (RLIN) 86666
700 1# - ENTRADA AGREGADA--NOMBRE PERSONAL
Nombre de persona Torretti, Roberto.
9 (RLIN) 111036
700 1# - ENTRADA AGREGADA--NOMBRE PERSONAL
Nombre de persona Zwanck, E.
9 (RLIN) 118556
830 0# - PUNTO DE ACCESO ADICIONAL DE SERIE-TÍTULO UNIFORME
Título uniforme Biblioteca de filosofía
9 (RLIN) 181615
852 ## - LOCALIZACIÓN
Ubicación ES-MaACL
Número de control de estantería L-6529
Sublocalización o colección R.107776
Holdings
Estatus retirado Estado de pérdida Estado de daño No para préstamo Biblioteca de origen Biblioteca actual Ubicación en estantería Fecha de adquisición Fuente de adquisición Total de préstamos Signatura topográfica completa Código de barras Visto por última vez Precio de reemplazo Tipo de ítem Koha
        Biblioteca del Ateneo de Madrid Biblioteca del Ateneo de Madrid Depósito 2 17/01/2008     L-6529 1094672 23/02/2023 23/02/2023 Libro impreso